000 01276nam a2200325 a 4500
999 _c429410
_d429410
003 BLK
005 20240523105841.0
008 210820b bul|||||r ||||||| ||bul||
010 _aKNG00199326000
020 _a9786191781270
040 _aBLK
041 _aBUL
_cBUL
080 _aАмериканска литература (на САЩ)
_b821.111(73)
_x-1
_z821.111(73)-1
100 1 _aБуковски, Чарлс
_eпърви автор
_9371745
139 _aБуковски, Чарлс
_bБ 85
245 1 0 _aНай-важното е колко добре минаваш през огъня
_bИзбрани стихове
_cЧарлс Буковски ; състав. Ейбъл Дебрито ; прев. от англ. Богдан Русев.
260 _aСофия
_bФама
_c2021
300 _a220 с.
_c21 см
380 _aX
490 _9201252
_aКласика
500 _aБез сведение за ориг. загл.
700 _aРусев, Богдан Бориславов
_d1975-
_9365584
700 _aДебрито, Ейбъл
_eсъстав.
_91478
852 _bП
_c821-1/Б 85 Ч
852 _bЦб
_cЦб 312138
942 _cKNG
_n0
_035
_s1
944 _aCR
_c2021-08-20
_k30564
_lГалина Якимова
999 _d429410
999 _d429410